000 00965cam a2200265 a 4500
001 2068058
003 ARRUPE
005 20141112113812.0
008 940413s1994 cau b 000 0 eng
010 _a 94012239
020 _a0941037312 (pbk.) :
_c$12.95
040 _aDLC
_cDLC
_dDLC
050 0 0 _aBS2615.2
_b.S54 1994
082 0 0 _a226.5/066
_220
100 1 _aSinclair, Scott Gambrill.
_912545
245 1 4 _aThe road and the truth :
_bthe editing of John's gospel /
_cby Scott Gambrill Sinclair.
260 _aVallejo, CA :
_bBIBAL Press,
_cc1994.
300 _axi, 111 p. ;
_c21 cm.
504 _aIncludes bibliographical references (p. 105-111).
630 0 0 _aBible.
_pJohn
_xCriticism, Redaction.
_912562
630 0 0 _aBible.
_pJohn
_xCommentaries.
_912563
906 _a7
_bcbc
_corignew
_d1
_eocip
_f19
_gy-gencatlg
942 _2lcc
_cMONOGRAPH
999 _c121224
_d121224